Distinctive Alphabets - Statistics

General Stats
  • This quiz has been taken 23 times
  • The average score is 8 of 10
Answer Stats
Hint Answer % Correct
הואיל והכרה בכבוד הטבעי לכל בני משפחת האדם ובזכויותיהם השוות והבלתי נפקעות הוא יסוד החופש, הצדק והשלום בעולם Hebrew
100%
Բոլոր մարդիկ ծնվում են ազատ և հավասար արժանապատվության և իրավունքների մեջ: Նրանք օժտված են բանականությամբ և խղճով և պետք է միմյանց հանդեպ վարվեն եղբայրության ոգով: Armenian
90%
ყველა ადამიანი იბადება თავისუფალი და თანასწორი ღირსებითა და უფლებებით. ისინი დაჯილდოვებულნი არიან გონიერებითა და სინდისით და ერთმანეთის მიმართ ძმობის სულისკვეთებით უნდა მოიქცნენ. Georgian
90%
មនុស្សទាំងអស់កើតមកមានសេរីភាពនិងភាពស្មើៗគ្នាក្នុងសិទ្ធិ និងសេចក្ដីថ្លៃថ្នូរ ។ មនុស្សគ្រប់រូបសុទ្ធតែមានវិចារណញ្ញាណនិងសតិសម្បជញ្ញៈ ហើយត្រូវប្រព្រឹត្ដចំពោះគ្នាទៅវិញទៅមកក្នុងស្មារតីរាប់អានគ្នាជាបងប្អូន ។ Khmer
80%
လူသားတိုင်းသည် ဂုဏ်သိက္ခာနှင့် အခွင့်အရေးများဖြင့် လွတ်လပ်စွာ မွေးဖွားလာကြသည်။ ၎င်းတို့သည် ဆင်ခြင်တုံတရားနှင့် အသိတရားနှင့် ပြည့်စုံပြီး ညီအစ်ကိုအသင်းအပင်းစိတ်ဓာတ်ဖြင့် အချင်းချင်းအပေါ် ပြုမူသင့်သည်။ Burmese
75%
ሁሉም የሰው ልጆች የተወለዱት በነፃነት እና በክብር እና በመብት እኩል ነው። የማመዛዘንና የኅሊና ተሰጥቷቸው እርስ በርስ በወንድማማችነት መንፈስ መተጋገዝ አለባቸው። Ge'ez
75%
ప్రతిపత్తిస్వత్వముల విషయమున మానవులెల్లరును జన్మతః స్వతంత్రులును సమానులును నగుదురు. వారు వివేచన-అంతఃకరణ సంపన్నులగుటచే పరస్పరము భ్రాతృభావముతో వర్తింపవలయును. Telugu
70%
ᏂᎦᏓ ᎠᏂᏴᏫ ᏂᎨᎫᏓᎸᎾ ᎠᎴ ᎤᏂᎶᏱ ᎤᎾᏕᎿ ᏚᏳᎧᏛ ᎨᏒᎢ. ᎨᏥᏁᎳ ᎤᎾᏓᏅᏖᏗ ᎠᎴ ᎤᏃᎵᏍᏗ ᎠᎴ ᏌᏊ ᎨᏒ ᏧᏂᎸᏫᏍᏓᏁᏗ ᎠᎾᏟᏅᏢ ᎠᏓᏅᏙ ᎬᏗ. Cherokee
65%
ᠬᠦᠮᠦᠨ ᠪᠦᠷᠢ ᠲᠥᠷᠥᠵᠦ ᠮᠡᠨᠳᠦᠯᠡᠬᠦ ᠡᠷᠬᠡ ᠴᠢᠯᠥᠭᠡ ᠲᠡᠢ᠂ ᠠᠳᠠᠯᠢᠬᠠᠨ ᠨᠡᠷ᠎ᠡ ᠲᠥᠷᠥ ᠲᠡᠢ᠂ ᠢᠵᠢᠯ ᠡᠷᠬᠡ ᠲᠡᠢ ᠪᠠᠶᠢᠳᠠᠭ᠃ ᠣᠶᠤᠨ ᠤᠬᠠᠭᠠᠨ᠂ ᠨᠠᠨᠳᠢᠨ ᠴᠢᠨᠠᠷ ᠵᠠᠶᠠᠭᠠᠰᠠᠨ ᠬᠦᠮᠦᠨ ᠬᠡᠭᠴᠢ ᠥᠭᠡᠷ᠎ᠡ ᠬᠣᠭᠣᠷᠣᠨᠳᠣ᠎ᠪᠠᠨ ᠠᠬᠠᠨ ᠳᠡᠭᠦᠦ ᠶᠢᠨ ᠦᠵᠢᠯ ᠰᠠᠨᠠᠭᠠ ᠶᠢᠡᠷ ᠬᠠᠷᠢᠴᠠᠬᠤ ᠤᠴᠢᠷ ᠲᠠᠢ᠃ Mongolian
60%
සියලුම මිනිසුන් නිදහස් හා සමාන ගෞරවයෙන් හා අයිතිවාසිකම්වලින් උපත ලබයි. ඔවුන් තර්කානුකූලව හා හෘදය සාක්ෂියෙන් යුක්ත වන අතර එකිනෙකාට සහෝදරත්වයෙන් යුතුව කටයුතු කළ යුතුය. Sinhalese
55%
No matching quizzes found
Score Distribution
Percent of People with Each Score
Percentile by Number Answered
Your Score History
You have not taken this quiz